[Event "Titled Tuesday 2023.07.11 Early"]
[Site "chess.com INT"]
[Date "2023.07.11"]
[Round "8"]
[White "Keleberda, Tymur"]
[Black "Shuvalova, Polina"]
[Result "1-0"]
[WhiteElo "2302"]
[BlackElo "2496"]
[WhiteFideId "-1"]
[BlackFideId "-1"]
[PlyCount "107"]
[GameId "2130307557943226"]
[EventDate "2023.07.11"]
[EventType "swiss (blitz)"]
[EventRounds "11"]
[EventCountry "NET"]
[SourceTitle "The Week in Chess 1497"]
[Source "Mark Crowther"]
[SourceDate "2023.07.17"]
[SourceVersion "1"]
[SourceVersionDate "2023.07.17"]
[SourceQuality "2"]

1. e4 c6 2. d4 d5 3. e5 Bf5 4. h4 h5 5. Bd3 Bxd3 6. Qxd3 Qa5+ 7. Nd2 e6 8. Ngf3 Nh6 9. O-O Nf5 10. c4 Be7 11. g3 Qa6 12. b3 c5 13. Qc2 dxc4 14. d5 c3 15. Nb1 Nd4 16. Nxd4 cxd4 17. d6 Bd8 18. Rd1 Nc6 19. Qe4 O-O 20. Na3 b5 21. Nc2 Bb6 22. Qxc6 d3 23. Nb4 Qa5 24. Nxd3 Rac8 25. Qe4 c2 26. Re1 Qc3 27. Bb2 Qd2 28. Qe2 Qh6 29. Rec1 Qg6 30. Kg2 Rc6 31. Rxc2 Rxc2 32. Qxc2 Qe4+ 33. Kg1 g5 34. Ne1 Qg4 35. Qd3 gxh4 36. Qf3 Qg6 37. Kh2 Kh8 38. Rc1 hxg3+ 39. fxg3 Kh7 40. Ng2 Rg8 41. Nf4 Qf5 42. Qxh5+ Qxh5+ 43. Nxh5 Kg6 44. Nf6 Rh8+ 45. Kg2 Kf5 46. Rf1+ Kg6 47. Bc1 Rc8 48. g4 Rc2+ 49. Kf3 Rxa2 50. Rh1 Kg7 51. Rh7+ Kg6 52. Rh8 Rf2+ 53. Kg3 Rc2 54. Rg8# 1-0

[Event "Excelsior June IM Norm"]
[Site "Toronto CAN"]
[Date "2023.06.13"]
[Round "1.2"]
[White "Noritsyn, Nikolay"]
[Black "Keleberda, Tymur"]
[Result "1/2-1/2"]
[WhiteElo "2462"]
[BlackElo "2268"]
[WhiteFideId "-1"]
[BlackFideId "-1"]
[PlyCount "158"]
[GameId "2160767907141221"]
[EventDate "2023.06.13"]
[EventType "tourn"]
[EventRounds "9"]
[EventCountry "CAN"]

1. e4 c5 2. Nc3 d6 3. Nge2 Nf6 4. g3 g6 5. Bg2 Bg7 6. O-O Nc6 7. d3 O-O 8. Bg5 Rb8 9. Qd2 Nd4 10. Nxd4 cxd4 11. Ne2 Qb6 12. a4 a5 13. c3 h6 14. Bxf6 Bxf6 15. Nxd4 Bxd4 16. cxd4 Qxd4 17. Qxa5 Qxb2 18. Qc7 Ra8 19. Qxe7 Ra6 20. h4 Qd4 21. a5 b6 22. Qc7 Be6 23. Qb7 Rfa8 24. e5 d5 25. h5 g5 26. Kh2 g4 27. Qe7 Qxe5 28. d4 Qxh5+ 29. Kg1 bxa5 30. Rfe1 Qg5 31. Qxg5+ hxg5 32. Re5 Rd8 33. Rxg5+ Kf8 34. Bf1 Ra7 35. Be2 Ke7 36. Bxg4 Kf6 37. f4 Bxg4 38. Rxg4 a4 39. Rh4 a3 40. g4 Rb8 41. Rh6+ Ke7 42. Rh2 Rb4 43. Rd2 Rb2 44. Rf2 Rxf2 45. Kxf2 a2 46. Ke2 Ra4 47. Kd3 Kf6 48. Kc2 Kg6 49. Kd3 Ra7 50. Kc3 Kf6 51. Kd3 Ra3+ 52. Kc2 Rf3 53. Rxa2 Rxf4 54. Ra6+ Kg5 55. Kd3 Kxg4 56. Rd6 Rf3+ 57. Ke2 Rf5 58. Ke3 Kg3 59. Rd8 Rg5 60. Rf8 f5 61. Rf7 Kg4 62. Rd7 f4+ 63. Kf2 Rh5 64. Rg7+ Kf5 65. Re7 Rh2+ 66. Kg1 Rd2 67. Re5+ Kg4 68. Rxd5 Kf3 69. Ra5 Rd1+ 70. Kh2 Rd2+ 71. Kg1 Rd1+ 72. Kh2 Rxd4 73. Ra3+ Kf2 74. Ra2+ Ke3 75. Kg2 Rd3 76. Rb2 f3+ 77. Kg3 Ra3 78. Rf2 Ke4 79. Rf1 f2+ 1/2-1/2

[Event "Excelsior June IM Norm"]
[Site "Toronto CAN"]
[Date "2023.06.13"]
[Round "2.4"]
[White "Keleberda, Tymur"]
[Black "Noritsyn, Sergey"]
[Result "1/2-1/2"]
[WhiteElo "2268"]
[BlackElo "2136"]
[WhiteFideId "-1"]
[BlackFideId "-1"]
[PlyCount "106"]
[GameId "2160767907141228"]
[EventDate "2023.06.13"]
[EventType "tourn"]
[EventRounds "9"]
[EventCountry "CAN"]

1. e4 c5 2. Nf3 e6 3. c3 d5 4. exd5 exd5 5. Bb5+ Bd7 6. Bxd7+ Nxd7 7. O-O Ngf6 8. Re1+ Be7 9. Qe2 Rc8 10. d4 Rc6 11. Be3 O-O 12. Nbd2 Re8 13. h3 h6 14. Qf1 Qb6 15. Rab1 Re6 16. Red1 Qa6 17. a3 c4 18. g4 b5 19. Qg2 Ne4 20. Re1 Qd6 21. Nf1 Bd8 22. Re2 a5 23. Rbe1 b4 24. axb4 axb4 25. N3d2 bxc3 26. Nxe4 Rxe4 27. bxc3 Nf6 28. Ng3 R4e6 29. Ra1 Ne4 30. Nxe4 Rxe4 31. Ra8 Qg6 32. Rb2 Bg5 33. Rxe8+ Rxe8 34. Bxg5 Qxg5 35. Kh2 Qc1 36. Rb7 Qf4+ 37. Qg3 Qf6 38. Kg2 Re1 39. Rd7 Qe6 40. Rd8+ Kh7 41. Qf3 Re4 42. Rf8 f6 43. Rd8 g6 44. Qg3 h5 45. Qc7+ Kh6 46. Rh8+ Kg5 47. h4+ Kxg4 48. f3+ Kf5 49. Kg3 Rxd4 50. cxd4 Qe1+ 51. Kg2 Qe2+ 52. Kg3 Qe1+ 53. Kh3 Qh1+ 1/2-1/2

[Event "Excelsior June IM Norm"]
[Site "Toronto CAN"]
[Date "2023.06.14"]
[Round "3.2"]
[White "Reprintsev, Alexander"]
[Black "Keleberda, Tymur"]
[Result "0-1"]
[WhiteElo "2238"]
[BlackElo "2268"]
[WhiteFideId "-1"]
[BlackFideId "-1"]
[PlyCount "112"]
[GameId "2160767907141231"]
[EventDate "2023.06.13"]
[EventType "tourn"]
[EventRounds "9"]
[EventCountry "CAN"]

1. e4 c5 2. Nf3 d6 3. c3 Nf6 4. h3 Nc6 5. Bd3 d5 6. e5 Nd7 7. Qe2 Qc7 8. Bb5 a6 9. Bxc6 Qxc6 10. O-O e6 11. d4 b6 12. Bg5 a5 13. Rd1 Ba6 14. Qe3 h6 15. Bh4 Qb5 16. b3 Qe2 17. Qc1 g5 18. Bg3 Qe4 19. Nbd2 Qg6 20. c4 Bb7 21. Qb2 Be7 22. cxd5 Bxd5 23. Nc4 O-O 24. Nd6 h5 25. Ne1 h4 26. Bh2 f5 27. Qc2 Rad8 28. Rac1 Qg7 29. Qe2 cxd4 30. Rc7 f4 31. Nc4 Rf7 32. Rxd4 Bc5 33. Rxd5 exd5 34. e6 Re7 35. Rxd7 Rdxd7 36. Bxf4 gxf4 37. exd7 Rxe2 38. d8=Q+ Kh7 39. Nf3 dxc4 40. Qxh4+ Qh6 41. Qg4 Re7 42. Ng5+ Kh8 43. bxc4 Qf6 44. h4 Qa1+ 45. Kh2 Bxf2 46. Qh5+ Kg8 47. Nf3 Bg3+ 48. Kh3 Qf6 49. Qg4+ Qg7 50. Ng5 Re1 51. Qc8+ Qf8 52. Qd7 Rh1+ 53. Kg4 Rxh4+ 54. Kf3 Qa3+ 55. Ke4 f3+ 56. Kf5 Qf8+ 0-1

[Event "Excelsior June IM Norm"]
[Site "Toronto CAN"]
[Date "2023.06.14"]
[Round "4.2"]
[White "Keleberda, Tymur"]
[Black "Nagy, Gabor"]
[Result "1/2-1/2"]
[WhiteElo "2268"]
[BlackElo "2468"]
[WhiteFideId "-1"]
[BlackFideId "-1"]
[PlyCount "34"]
[GameId "2160767907141236"]
[EventDate "2023.06.13"]
[EventType "tourn"]
[EventRounds "9"]
[EventCountry "CAN"]

1. e4 g6 2. d4 d6 3. Bc4 Nf6 4. Qe2 c6 5. Bb3 Bg7 6. Nf3 O-O 7. e5 Nd5 8. h3 dxe5 9. dxe5 Be6 10. O-O Nd7 11. Rd1 Qc7 12. c4 Nb4 13. a3 Nc5 14. Nd4 Nxb3 15. Nxb3 Na6 16. Bf4 Rad8 17. N1d2 Rb8 1/2-1/2

[Event "Excelsior June IM Norm"]
[Site "Toronto CAN"]
[Date "2023.06.15"]
[Round "5.3"]
[White "Almeida Quintana, Omar"]
[Black "Keleberda, Tymur"]
[Result "1/2-1/2"]
[WhiteElo "2520"]
[BlackElo "2268"]
[WhiteFideId "-1"]
[BlackFideId "-1"]
[PlyCount "90"]
[GameId "2160767907141242"]
[EventDate "2023.06.13"]
[EventType "tourn"]
[EventRounds "9"]
[EventCountry "CAN"]

1. Nf3 Nf6 2. g3 d5 3. Bg2 e6 4. O-O Nbd7 5. b3 b6 6. c4 Bb7 7. Bb2 c5 8. e3 Be7 9. Qe2 O-O 10. Rd1 Qc7 11. Nc3 Rac8 12. d3 Qb8 13. Ne1 Rfd8 14. f4 Nf8 15. e4 d4 16. Nb1 e5 17. f5 Ne8 18. Nf3 a6 19. Nbd2 f6 20. h4 Nd6 21. g4 b5 22. Bc1 Bc6 23. Nf1 Rd7 24. Ng3 Rb7 25. g5 Be8 26. h5 fxg5 27. Nxg5 bxc4 28. bxc4 Bxg5 29. Bxg5 h6 30. Bc1 Nh7 31. Bf3 Qc7 32. Qe1 Ba4 33. Rd2 Rcb8 34. Ba3 Ng5 35. Kg2 Ne8 36. Rf2 Nf6 37. Rc1 Nxf3 38. Kxf3 Be8 39. Rh2 Kh7 40. Ra1 Bf7 41. Rc1 Nd7 42. Rf2 Qd8 43. Rh2 Qc7 44. Rf2 Qd8 45. Rh2 Ra8 1/2-1/2

[Event "Excelsior June IM Norm"]
[Site "Toronto CAN"]
[Date "2023.06.15"]
[Round "6.2"]
[White "Keleberda, Tymur"]
[Black "Vidyarthi, Omya"]
[Result "1-0"]
[WhiteElo "2268"]
[BlackElo "2081"]
[WhiteFideId "-1"]
[BlackFideId "-1"]
[PlyCount "103"]
[GameId "2160767907141246"]
[EventDate "2023.06.13"]
[EventType "tourn"]
[EventRounds "9"]
[EventCountry "CAN"]

1. e4 e5 2. Nf3 Nc6 3. Bc4 Bc5 4. c3 Nf6 5. d4 exd4 6. e5 d5 7. Bb5 Ne4 8. cxd4 Bb6 9. Nc3 O-O 10. Be3 f5 11. exf6 Rxf6 12. Rc1 Nxc3 13. bxc3 Bg4 14. Be2 Qd6 15. O-O h6 16. Qc2 Ne7 17. h3 Bh5 18. Qd2 c6 19. g4 Be8 20. Ne5 Ng6 21. f4 Bc7 22. Bd3 Bf7 23. Rce1 Ba5 24. Qc2 Rf8 25. Kh1 Be8 26. Bxg6 Bxg6 27. f5 Bh7 28. Bf4 Qd8 29. Kg2 c5 30. Re2 cxd4 31. cxd4 Bb6 32. Qd3 Bc7 33. Bg3 Ra6 34. Rc1 h5 35. Ng6 Bxg6 36. Rxc7 Bf7 37. Rxb7 Ra4 38. Qb5 Rxd4 39. Rb8 hxg4 40. Rxd8 gxh3+ 41. Kxh3 Rxd8 42. Be5 Re4 43. Rxe4 dxe4 44. Qb7 Re8 45. Qxe4 Bxa2 46. f6 Bf7 47. fxg7 a5 48. Qh4 Be6+ 49. Kg3 Kf7 50. Qh5+ Ke7 51. Bf6+ Kd7 52. Qb5+ 1-0

[Event "Excelsior June IM Norm"]
[Site "Toronto CAN"]
[Date "2023.06.16"]
[Round "7.5"]
[White "Mendes, Aaron Reeve"]
[Black "Keleberda, Tymur"]
[Result "1/2-1/2"]
[WhiteElo "1994"]
[BlackElo "2268"]
[WhiteFideId "-1"]
[BlackFideId "-1"]
[PlyCount "69"]
[GameId "2160767907141254"]
[EventDate "2023.06.13"]
[EventType "tourn"]
[EventRounds "9"]
[EventCountry "CAN"]

1. e4 c5 2. Nf3 d6 3. Bb5+ Nd7 4. d4 cxd4 5. Nxd4 a6 6. Bd3 e5 7. Nf3 Ngf6 8. c4 b5 9. O-O bxc4 10. Bxc4 Nb6 11. Bb3 Be7 12. Nc3 O-O 13. Bg5 Nfd7 14. Be3 Bb7 15. Qd2 Rc8 16. Nd5 Nxd5 17. Bxd5 Bxd5 18. Qxd5 Nf6 19. Qd3 h6 20. h3 Qa5 21. Rfd1 d5 22. Bd2 Qb6 23. Qb3 Qxb3 24. axb3 Nxe4 25. Nxe5 Bf6 26. Nd3 Rc2 27. Be1 Ra8 28. Nb4 Rxb2 29. Nxd5 Rxb3 30. Nxf6+ Nxf6 31. Rd6 Kh7 32. Rdxa6 Rxa6 33. Rxa6 Rb1 34. Kf1 Nd5 35. Ra4 1/2-1/2

[Event "Excelsior June IM Norm"]
[Site "Toronto CAN"]
[Date "2023.06.16"]
[Round "8.4"]
[White "Clyde, Jordan"]
[Black "Keleberda, Tymur"]
[Result "0-1"]
[WhiteElo "2096"]
[BlackElo "2268"]
[WhiteFideId "-1"]
[BlackFideId "-1"]
[PlyCount "104"]
[GameId "2160767907141258"]
[EventDate "2023.06.13"]
[EventType "tourn"]
[EventRounds "9"]
[EventCountry "CAN"]

1. e4 g6 2. Nc3 Bg7 3. h4 h5 4. Nh3 c6 5. d4 d5 6. exd5 cxd5 7. Bf4 Bxh3 8. Rxh3 Nc6 9. Nb5 Rc8 10. Re3 Kf8 11. c3 a6 12. Na3 e6 13. Qb3 Qe7 14. Nc2 Bh6 15. Bg5 Bxg5 16. hxg5 Qc7 17. g3 Nge7 18. Qa3 Kg7 19. Bh3 h4 20. g4 Qf4 21. O-O-O Qxg5 22. Qd6 Qf6 23. Rdd3 Rhd8 24. Qh2 g5 25. Rf3 Qh6 26. Bf1 Ng6 27. Rd1 Nf4 28. Ne1 e5 29. dxe5 Nxe5 30. Rxf4 gxf4 31. Rd4 Re8 32. Kd1 Qe6 33. Qxf4 Nc6 34. Qg5+ Kf8 35. Nf3 Nxd4 36. Nxd4 Qe1+ 37. Kc2 Qxf2+ 38. Kb3 Re1 39. Qh5 Ke8 40. Bd3 Rc6 41. Nxc6 Qb6+ 42. Kc2 Qxc6 43. Qh8+ Kd7 44. Kd2 Rh1 45. Qg7 Ke7 46. Qg5+ Qf6 47. Qe3+ Kd8 48. Bf5 Rh2+ 49. Kd3 Qd6 50. Qg5+ Kc7 51. Qg7 Qg3+ 52. Kd4 Rd2+ 0-1

[Event "Excelsior June IM Norm"]
[Site "Toronto CAN"]
[Date "2023.06.17"]
[Round "9.4"]
[White "Keleberda, Tymur"]
[Black "Singh Dhaliwal, Jaipreet"]
[Result "1-0"]
[WhiteElo "2268"]
[BlackElo "2050"]
[WhiteFideId "-1"]
[BlackFideId "-1"]
[PlyCount "143"]
[GameId "2160767907141264"]
[EventDate "2023.06.13"]
[EventType "tourn"]
[EventRounds "9"]
[EventCountry "CAN"]

1. e4 c5 2. Nf3 d6 3. c3 Nf6 4. h3 Nc6 5. Bd3 g5 6. Bc2 g4 7. hxg4 Bxg4 8. d4 d5 9. e5 Ne4 10. Be3 e6 11. a3 a5 12. Qc1 Qb6 13. Ra2 Qb5 14. Qd1 O-O-O 15. Qd3 Qb6 16. Nh4 Be7 17. Nd2 Bxh4 18. Rxh4 Bf5 19. Nxe4 Bxe4 20. Qd1 Bxc2 21. Qxc2 cxd4 22. cxd4 Kb8 23. b3 Rc8 24. Qd3 a4 25. bxa4 Qa5+ 26. Ke2 Qxa4 27. Rf4 Nb4 28. axb4 Qxa2+ 29. Kf3 Rc7 30. b5 Qc4 31. Qb1 b6 32. Kg3 Kb7 33. Kh2 Qe2 34. Rf3 h5 35. Qb4 Qc4 36. Qb2 Ra8 37. Qb1 Ra5 38. Qh7 Rxb5 39. Rxf7 Ra5 40. Qg8 Qc6 41. Rf8 b5 42. Rb8+ Ka7 43. Qd8 Ra4 44. Bg5 Rc4 45. Bh6 Rc8 46. Rxc8 Qxc8 47. Qe7+ Kb6 48. Qd6+ Qc6 49. Qd8+ Ka6 50. Bf8 b4 51. Bc5 Kb5 52. f4 Ka4 53. f5 exf5 54. Qd6 Kb5 55. Qb8+ Ka4 56. Qd6 Qb7 57. e6 Rc2 58. Qd7+ Qb5 59. Qxd5 Re2 60. e7 b3 61. Qa8+ Qa5 62. e8=Q+ Rxe8 63. Qxe8+ Qb5 64. Qa8+ Qa5 65. Qxa5+ Kxa5 66. Ba3 Kb5 67. Bb2 Kc4 68. Kg3 Kd3 69. d5 Kc2 70. Bd4 f4+ 71. Kxf4 b2 72. Bxb2 1-0

[Event "Titled Tuesday 2023.05.02 Late"]
[Site "Chess.com INT"]
[Date "2023.05.02"]
[Round "1"]
[White "Keleberda, Tymur"]
[Black "Andreikin, Dmitry"]
[Result "0-1"]
[WhiteElo "2287"]
[BlackElo "2729"]
[WhiteFideId "-1"]
[BlackFideId "-1"]
[PlyCount "86"]
[GameId "1910457379749888"]
[EventDate "2023.05.02"]
[EventType "swiss (blitz)"]
[EventRounds "11"]
[EventCountry "NET"]
[SourceTitle "EXT 2024"]
[Source "ChessBase"]
[SourceDate "2023.10.10"]
[SourceVersion "1"]
[SourceVersionDate "2023.10.10"]
[SourceQuality "1"]

1. e4 c5 2. Nf3 Nc6 3. Bb5 Nf6 4. d3 g6 5. O-O Bg7 6. c3 O-O 7. Re1 d6 8. h3 e5 9. Bc4 Be6 10. Bg5 Qd7 11. Bxf6 Bxf6 12. Bd5 Bxd5 13. exd5 Ne7 14. c4 e4 15. dxe4 Bxb2 16. Nbd2 Bxa1 17. Qxa1 f6 18. Nh2 h5 19. a4 Rae8 20. f4 Kh7 21. Nhf3 Ng8 22. Nh4 Nh6 23. Ndf3 Qg7 24. Nd2 g5 25. fxg5 fxg5 26. Nhf3 Qxa1 27. Rxa1 Kg6 28. Rb1 b6 29. a5 bxa5 30. Rb7 Nf7 31. Rb5 g4 32. Nh4+ Kg5 33. Nf5 gxh3 34. gxh3 Kf4 35. Rxa5 Ng5 36. Nxd6 Rb8 37. Ra1 Nxh3+ 38. Kg2 Kg4 39. Nf5 Rb2 40. Rd1 Ng5 41. d6 Nxe4 42. Ne3+ Kg5 43. Nc2 Rxc2 0-1

[Event "Titled Tuesday 2023.05.02 Late"]
[Site "Chess.com INT"]
[Date "2023.05.02"]
[Round "2"]
[White "Gabdushev, Ruslan"]
[Black "Keleberda, Tymur"]
[Result "0-1"]
[WhiteElo "2256"]
[BlackElo "2287"]
[WhiteFideId "-1"]
[BlackFideId "-1"]
[PlyCount "134"]
[GameId "1910457380945920"]
[EventDate "2023.05.02"]
[EventType "swiss (blitz)"]
[EventRounds "11"]
[EventCountry "NET"]
[SourceTitle "EXT 2024"]
[Source "ChessBase"]
[SourceDate "2023.10.10"]
[SourceVersion "1"]
[SourceVersionDate "2023.10.10"]
[SourceQuality "1"]

1. b3 e5 2. Bb2 Nc6 3. e3 Nf6 4. Bb5 Bd6 5. Na3 a6 6. Bxc6 dxc6 7. Nc4 Qe7 8. a4 O-O 9. Ne2 Nd5 10. O-O f6 11. f3 Be6 12. a5 Rad8 13. e4 Bc5+ 14. Kh1 Nf4 15. Nxf4 exf4 16. Qe2 Rd7 17. c3 Rfd8 18. d4 Ba7 19. b4 Qf7 20. Nd2 f5 21. Rfe1 fxe4 22. Nxe4 Bc4 23. Qf2 h6 24. Qh4 Bd3 25. Rad1 Bc2 26. Rd2 Qb3 27. Qf2 Bxe4 28. Rxe4 Rf8 29. Qe2 b6 30. axb6 cxb6 31. Re7 Rxe7 32. Qxe7 Qf7 33. Re2 a5 34. bxa5 bxa5 35. Ba3 Qxe7 36. Rxe7 Rf7 37. Re8+ Kh7 38. h4 Rb7 39. Rc8 Rb3 40. Bd6 Rxc3 41. Ra8 Bxd4 42. Rxa5 Rc1+ 43. Kh2 Bg1+ 44. Kh3 Be3 45. h5 c5 46. Ra7 Rh1+ 47. Kg4 Rh2 48. Bxf4 Bxf4 49. Kxf4 Rxg2 50. Rc7 Rg5 51. Ke4 Rxh5 52. f4 Kg6 53. Rc6+ Kf7 54. f5 Rh4+ 55. Ke5 c4 56. Rc7+ Kg8 57. Rc8+ Kh7 58. Rc7 Rg4 59. f6 Rg5+ 60. Ke6 Rg6 61. Rxc4 Rxf6+ 62. Ke5 h5 63. Rh4 Kh6 64. Rh1 Rf2 65. Ke4 g6 66. Ke3 Rf8 67. Rh2 g5 0-1

[Event "Titled Tuesday 2023.05.02 Late"]
[Site "Chess.com INT"]
[Date "2023.05.02"]
[Round "3"]
[White "Keleberda, Tymur"]
[Black "Steenbekkers, Franck"]
[Result "1-0"]
[WhiteElo "2287"]
[BlackElo "2164"]
[WhiteFideId "-1"]
[BlackFideId "-1"]
[PlyCount "55"]
[GameId "1910457381269504"]
[EventDate "2023.05.02"]
[EventType "swiss (blitz)"]
[EventRounds "11"]
[EventCountry "NET"]
[SourceTitle "EXT 2024"]
[Source "ChessBase"]
[SourceDate "2023.10.10"]
[SourceVersion "1"]
[SourceVersionDate "2023.10.10"]
[SourceQuality "1"]

1. e4 c5 2. Nf3 Nc6 3. Bb5 g6 4. Bxc6 bxc6 5. d4 Bg7 6. dxc5 Qa5+ 7. Nbd2 Qxc5 8. Nb3 Qh5 9. O-O d6 10. h3 Nh6 11. Bf4 O-O 12. Qd3 f5 13. e5 Nf7 14. exd6 exd6 15. Qc4 Bxb2 16. Bxd6 Rd8 17. Be5 Ba6 18. Qxa6 Nxe5 19. Nxe5 Bxe5 20. Rae1 f4 21. Qc4+ Kg7 22. Qc5 Rd5 23. Qe7+ Kh6 24. c4 f3 25. cxd5 Re8 26. Qxe8 Qg5 27. Qf8+ Kh5 28. Qxf3+ 1-0

[Event "Titled Tuesday 2023.05.02 Late"]
[Site "Chess.com INT"]
[Date "2023.05.02"]
[Round "4"]
[White "Keleberda, Tymur"]
[Black "Leiva Rodriguez, Jeammarco Giuseppe"]
[Result "1/2-1/2"]
[WhiteElo "2287"]
[BlackElo "2392"]
[WhiteFideId "-1"]
[BlackFideId "-1"]
[PlyCount "137"]
[GameId "1910457382502400"]
[EventDate "2023.05.02"]
[EventType "swiss (blitz)"]
[EventRounds "11"]
[EventCountry "NET"]
[SourceTitle "EXT 2024"]
[Source "ChessBase"]
[SourceDate "2023.10.10"]
[SourceVersion "1"]
[SourceVersionDate "2023.10.10"]
[SourceQuality "1"]

1. e4 c5 2. Nf3 d6 3. c3 Nf6 4. h3 g6 5. Bd3 Bg7 6. Bc2 e5 7. O-O O-O 8. d4 exd4 9. cxd4 cxd4 10. Nxd4 Nc6 11. Nc3 d5 12. Be3 Nxd4 13. Bxd4 dxe4 14. Nxe4 Nxe4 15. Bxg7 Qxd1 16. Raxd1 Nxf2 17. Bxf8 Nxd1 18. Rxd1 Kxf8 19. Rd8+ Ke7 20. Rh8 h5 21. Ba4 Rb8 22. Re8+ Kd6 23. Bb3 Kc7 24. Bxf7 Bf5 25. Re7+ Kd6 26. Re2 Rf8 27. Bb3 h4 28. Kh2 Rc8 29. g3 hxg3+ 30. Kxg3 Rc1 31. Rd2+ Ke7 32. h4 Rg1+ 33. Kf3 Rg4 34. Rh2 Rb4 35. Ke3 Re4+ 36. Kd2 Bg4 37. Bc2 Re6 38. Bb3 Rd6+ 39. Ke3 Bh5 40. Bc2 a5 41. Kf4 Rf6+ 42. Kg5 Re6 43. Kh6 Rc6 44. Rg2 Rb6 45. Bxg6 Bxg6 46. Rxg6 Rxb2 47. h5 b5 48. Rb6 Kf7 49. Rb7+ Kf6 50. Kh7 b4 51. Rb6+ Kf7 52. Rb5 a4 53. h6 a3 54. Rf5+ Ke6 55. Rf4 Ke5 56. Rg4 Rxa2 57. Kg6 Rh2 58. Rxb4 a2 59. Ra4 Kd5 60. h7 Kc5 61. Ra5+ Kb4 62. Ra8 Kb3 63. Rxa2 Kxa2 64. Kg7 Rg2+ 65. Kf7 Rh2 66. Kg8 Rg2+ 67. Kf7 Rh2 68. Kg8 Rg2+ 69. Kf7 1/2-1/2

[Event "Titled Tuesday 2023.05.02 Late"]
[Site "Chess.com INT"]
[Date "2023.05.02"]
[Round "6"]
[White "Chemin, Justo Reinaldo"]
[Black "Keleberda, Tymur"]
[Result "0-1"]
[WhiteElo "2040"]
[BlackElo "2287"]
[WhiteFideId "-1"]
[BlackFideId "-1"]
[PlyCount "90"]
[GameId "1910457383477248"]
[EventDate "2023.05.02"]
[EventType "swiss (blitz)"]
[EventRounds "11"]
[EventCountry "NET"]
[SourceTitle "EXT 2024"]
[Source "ChessBase"]
[SourceDate "2023.10.10"]
[SourceVersion "1"]
[SourceVersionDate "2023.10.10"]
[SourceQuality "1"]

1. d4 Nf6 2. Nf3 e6 3. Bf4 c5 4. e3 Qb6 5. b3 Nc6 6. c3 d5 7. Nbd2 cxd4 8. exd4 Ne4 9. Nxe4 dxe4 10. Nd2 f5 11. Nc4 Qd8 12. Be2 Be7 13. O-O O-O 14. f3 g5 15. Be5 b5 16. Nb2 Nxe5 17. dxe5 Qb6+ 18. Kh1 e3 19. Qe1 f4 20. c4 a6 21. Rc1 Bb7 22. Rc2 Qc5 23. Nd3 Qd4 24. c5 Rac8 25. b4 Bd5 26. a3 Bc4 27. Qc3 Rfd8 28. Rd1 Qxc3 29. Rxc3 Rd4 30. Nb2 Rxd1+ 31. Bxd1 e2 32. Bxe2 Bxe2 33. c6 Bc4 34. h4 Rxc6 35. hxg5 Bxg5 36. a4 Bd5 37. Rxc6 Bxc6 38. axb5 axb5 39. Nd1 Kf7 40. Nc3 Kg6 41. Kg1 Kf5 42. Kf2 Kxe5 43. Ke2 Kd4 44. Kd2 Kc4 45. Ne2 e5 0-1

[Event "Titled Tuesday 2023.05.02 Late"]
[Site "Chess.com INT"]
[Date "2023.05.02"]
[Round "7"]
[White "Keleberda, Tymur"]
[Black "Mihajlov, Sebastian"]
[Result "1/2-1/2"]
[WhiteElo "2287"]
[BlackElo "2373"]
[WhiteFideId "-1"]
[BlackFideId "-1"]
[PlyCount "103"]
[GameId "1910457384300544"]
[EventDate "2023.05.02"]
[EventType "swiss (blitz)"]
[EventRounds "11"]
[EventCountry "NET"]
[SourceTitle "EXT 2024"]
[Source "ChessBase"]
[SourceDate "2023.10.10"]
[SourceVersion "1"]
[SourceVersionDate "2023.10.10"]
[SourceQuality "1"]

1. e4 g6 2. d4 Bg7 3. Nf3 d6 4. Bc4 a6 5. O-O e6 6. Bb3 Ne7 7. Qe2 O-O 8. h4 h6 9. Bf4 Nbc6 10. c3 e5 11. dxe5 dxe5 12. Bg3 Bg4 13. Rd1 Qc8 14. Nbd2 Kh8 15. Qe3 f5 16. exf5 Nxf5 17. Qe4 Nxg3 18. fxg3 Bf5 19. Qa4 b5 20. Qa3 Rd8 21. Qc5 Na5 22. Nxe5 Nxb3 23. Nxb3 Qe6 24. Nf3 Be4 25. Rxd8+ Rxd8 26. Qxc7 Rf8 27. Re1 Qd5 28. Nbd2 Bxf3 29. Nxf3 Qxa2 30. Re7 Rg8 31. Ne5 Qxb2 32. Nxg6+ Kh7 33. Nf4 Qb1+ 34. Kh2 Qf5 35. Rf7 Qg4 36. Qb6 Kh8 37. Ng6+ Kh7 38. Ne7 Rf8 39. Rxf8 Bxf8 40. Nd5 Qg6 41. Qa7+ Bg7 42. Nf4 Qc6 43. Qf7 Qf6 44. Qb7 Qxc3 45. Qxa6 b4 46. Qb7 b3 47. Qe4+ Kg8 48. Qe6+ Kh7 49. Qg6+ Kg8 50. Qe6+ Kh7 51. Qf5+ Kg8 52. Qe6+ 1/2-1/2

[Event "Titled Tuesday 2023.05.02 Late"]
[Site "Chess.com INT"]
[Date "2023.05.02"]
[Round "8"]
[White "Novik, Maxim"]
[Black "Keleberda, Tymur"]
[Result "1-0"]
[WhiteElo "2436"]
[BlackElo "2287"]
[WhiteFideId "-1"]
[BlackFideId "-1"]
[PlyCount "125"]
[GameId "1910457384927232"]
[EventDate "2023.05.02"]
[EventType "swiss (blitz)"]
[EventRounds "11"]
[EventCountry "NET"]
[SourceTitle "EXT 2024"]
[Source "ChessBase"]
[SourceDate "2023.10.10"]
[SourceVersion "1"]
[SourceVersionDate "2023.10.10"]
[SourceQuality "1"]

1. d4 Nf6 2. c4 e6 3. Nc3 Bb4 4. e3 b6 5. Bd3 Bb7 6. Nf3 d5 7. cxd5 Nxd5 8. Bd2 O-O 9. O-O c5 10. e4 cxd4 11. Nxd5 Bxd2 12. Qxd2 exd5 13. e5 Qe7 14. Qf4 Nc6 15. a3 f6 16. Qh4 g6 17. Rfe1 fxe5 18. Qxe7 Nxe7 19. Rxe5 Nc6 20. Re6 Kf7 21. Ng5+ Kg7 22. Rae1 Rf6 23. Re7+ Nxe7 24. Rxe7+ Kg8 25. Rxb7 h6 26. Nf3 Rf7 27. Rxf7 Kxf7 28. Nxd4 Rc8 29. f4 Rc1+ 30. Kf2 Rd1 31. Ke3 Rg1 32. g3 Rg2 33. b4 Rxh2 34. Nf3 Ra2 35. Ne5+ Kf6 36. Nxg6 Rxa3 37. Ne5 Rb3 38. b5 Ke6 39. Nf3 Ra3 40. g4 Ra1 41. Nd4+ Kf6 42. Nf5 Kg6 43. Ne7+ Kf7 44. Nxd5 Rg1 45. Bf5 Rg3+ 46. Kd4 Ra3 47. Bd3 Ra4+ 48. Ke5 Ra1 49. g5 hxg5 50. fxg5 Re1+ 51. Be4 Kg7 52. g6 Rc1 53. Nf4 Rc5+ 54. Ke6 Rxb5 55. Bf5 Rb2 56. Nh5+ Kg8 57. Kf6 Rg2 58. Be6+ Kf8 59. g7+ Ke8 60. Bf7+ Kd7 61. Bg6 Rf2+ 62. Kg5 Rg2+ 63. Kh6 1-0

[Event "Titled Tuesday 2023.05.02 Late"]
[Site "chess.com INT"]
[Date "2023.05.02"]
[Round "5"]
[White "Sun, Rick"]
[Black "Keleberda, Tymur"]
[Result "1-0"]
[WhiteElo "2139"]
[BlackElo "2287"]
[WhiteFideId "-1"]
[BlackFideId "-1"]
[PlyCount "91"]
[GameId "2130307560552189"]
[EventDate "2023.05.02"]
[EventType "swiss (blitz)"]
[EventRounds "11"]
[EventCountry "NET"]
[SourceTitle "The Week in Chess 1487"]
[Source "Mark Crowther"]
[SourceDate "2023.05.08"]
[SourceVersion "1"]
[SourceVersionDate "2023.05.08"]
[SourceQuality "2"]

1. d4 Nf6 2. Nc3 d5 3. Bf4 e6 4. e3 Bb4 5. Bd3 c5 6. dxc5 Qa5 7. Nge2 Nc6 8. a3 Bxc3+ 9. Nxc3 Qxc5 10. O-O e5 11. Bg5 e4 12. Be2 Be6 13. Qd2 O-O-O 14. b4 Qb6 15. Na4 Qc7 16. Bf4 Qe7 17. b5 g5 18. Bxg5 Rhg8 19. Bxf6 Qxf6 20. bxc6 d4 21. cxb7+ Kb8 22. Nc5 d3 23. cxd3 Rxg2+ 24. Kxg2 Qg5+ 25. Kh1 Qxc5 26. d4 Qd6 27. Rac1 f5 28. Qb4 Qd7 29. Qc5 Bd5 30. Qc8+ Rxc8 31. bxc8=Q+ Qxc8 32. Rxc8+ Kxc8 33. Rc1+ Kd7 34. Bc4 Bc6 35. d5 Ba8 36. h3 Kd6 37. Kh2 a5 38. Kg3 Ke5 39. Rd1 Kd6 40. Rd2 a4 41. Kf4 Kc5 42. d6 Kxc4 43. d7 Bc6 44. d8=Q Kb3 45. Qd4 Bb5 46. Qb4# 1-0